000 00297nam a2200109Ia 4500
008 201217s9999 xx 000 0 und d
100 _aChaturvedi, Abha
245 0 _aWorkers world: A socio-economic profile of pune workers
260 _aPune
_bTimes Research Foundation
300 _a89
942 _cBK
999 _c7669
_d7669